<?xml version="1.0" encoding="UTF-8"?>
<marc:record xmlns:marc="http://www.loc.gov/MARC21/slim">
   <marc:leader>00000nam a2200000 a 4500</marc:leader>
   <marc:datafield ind1=" " ind2=" " tag="653">
      <marc:subfield code="a">Magnetbausatz</marc:subfield>
   </marc:datafield>
   <marc:datafield ind1=" " ind2=" " tag="653">
      <marc:subfield code="a">Magnetismus</marc:subfield>
   </marc:datafield>
   <marc:datafield ind1="0" ind2="0" tag="245">
      <marc:subfield code="a">Magnetbausatz</marc:subfield>
   </marc:datafield>
   <marc:datafield ind1="0" ind2="0" tag="245">
      <marc:subfield code="b">Intelligent Magnetic Building Blocks Set</marc:subfield>
   </marc:datafield>
   <marc:datafield ind1=" " ind2="1" tag="264">
      <marc:subfield code="a">Rotterdam</marc:subfield>
      <marc:subfield code="b">APV Trade Solution Ltd</marc:subfield>
   </marc:datafield>
   <marc:datafield ind1="1" ind2=" " tag="520">
      <marc:subfield code="a">Build up a giant castle! These multicolour magnetic building blocks snap into place to engineer cool 3D structures and shapes. Lightweight and portable play with these magnetic blocks at home or on-the-go and get ready to create. The only limit is your imagination!&#xD;
&#xD;
Educational &amp; creative - a great creative toy that lets your child engage with their imagination. It's low-tech and creates very little noise. You child can develop their creative side and motor skills through play!&#xD;
&#xD;
Learn &amp; play - if you are looking for a way to connect with your child and have fun, this is a must-have gift. You will love the pride you see in your child's face when they create a new design. A toy that helps them learn really is the best of both worlds.</marc:subfield>
   </marc:datafield>
   <marc:datafield ind1="3" ind2=" " tag="024">
      <marc:subfield code="a">5060523920570</marc:subfield>
   </marc:datafield>
   <marc:datafield ind1="1" ind2=" " tag="521">
      <marc:subfield code="a">3+</marc:subfield>
   </marc:datafield>
   <marc:datafield ind1=" " ind2=" " tag="338">
      <marc:subfield code="a">Gegenstand</marc:subfield>
   </marc:datafield>
   <marc:datafield ind1=" " ind2=" " tag="300">
      <marc:subfield code="a">1 Spielanleitung, 20 Quadrate, 20 Dreiecke</marc:subfield>
   </marc:datafield>
</marc:record>
